000 00724nam a2200217Ia 4500
001 14723
003 GE_BSU
008 181216s||||||||xx |||||||||||||| ||und||
040 _cGE_BSU
080 _a621.89(035.5)
100 _aВладзиевский,А.П. Дьячков,А.К. Заиченко,И.З. и др.
245 _aСмазка металлорежущих станков.
245 _bСправочное пособие.
245 _cПод ред. В.И.Дикушина. Ред. Б.М.Глинер.
260 _aМ.
260 _bМашгиз.
260 _c1956.
300 _a210 стр. с илл. 22 см.
653 _aСмазка металлорежущих станков.
942 _cBK
999 _c47849
_d47849